| 000 | 00554nam a22001817a 4500 | ||
|---|---|---|---|
| 999 |
_c195390 _d195390 |
||
| 005 | 20230324155807.0 | ||
| 010 | _aENG-136485 | ||
| 020 |
_a9788190804097 _c150.00 |
||
| 035 | _aEN-120017 | ||
| 037 | _bDBAD/PUB | ||
| 082 | _a004.22 | ||
| 100 | _aAgarwal, Pankaj | ||
| 245 |
_aComputer Organization: _cPankaj Agarwal |
||
| 260 |
_aNew Delhi _bVayu Education of India _c2009 |
||
| 270 |
_a2/25, Ansari Road, Darya Ganj _bNew Delhi _e110002 _mvei@veiindia.com |
||
| 300 |
_av, 174p.; _bindex _c24cm(pbk) |
||
| 942 |
_2ddc _cEN _h004.22 _mAGA |
||